The universities and the gay experience : proceedings of the conference /
Zapisane w:
| Korporacja: | |
|---|---|
| Format: | Książka |
| Język: | angielski |
| Wydane: |
New York :
Gay Academic Union,
1974
|
| Etykiety: |
Nie ma etykietki, Dołącz pierwszą etykiete!
|
MARC
| LEADER | 00000nam a22000007i 4500 | ||
|---|---|---|---|
| 001 | IT\ICCU\UBO\3656376 | ||
| 003 | ItRI | ||
| 005 | 20260115232441.0 | ||
| 008 | 090625s1974 xxu|||||| ||||| |||||c | ||
| 040 | |b ita |c importazione bologna sebina | ||
| 041 | 7 | |a eng |2 ISO-639-2 | |
| 245 | 0 | 4 | |a The universities and the gay experience : |b proceedings of the conference / |c sponsored by the women and men of the Gay Academic Union, November 23 and 24, 1973. |
| 260 | |a New York : |b Gay Academic Union, |c 1974 | ||
| 300 | |a 105 p. ; |c 22 cm. | ||
| 710 | 2 | |a Gay Academic Union |0 IT\ICCU\UBOV\344914 | |
| 942 | |2 ddc |c BK |n 0 | ||
| 952 | |0 0 |1 0 |4 0 |6 DOC_371_810000000000000_GAY |7 0 |9 25991 |a BO |b BO |d 2026-01-15 |i 1502 |l 0 |o DOC 371.810 GAY |p BO1502 |r 2026-01-15 23:24:41 |w 2026-01-15 |x [Sebina 7] [1 v.] |y BK |z 1 v. | ||
| 999 | |c 22019 |d 22019 | ||